000 00723na a2200253 4500
001 12571
003 MIRAKIL
005 20181213154840.0
008 160807b tu 000 0
020 _a9789756288921
035 _a12571
040 _aMilas
_btur
_cTR-AnCHP
082 _a133.509561
_bD77i 2007
090 _a133.509561 D77i 2007
100 _aDöşer, Öner
245 _a2008'de Türkiye
_bTürkiye için astrolojik öngörüler
_cÖner Döşer
246 _aTürkiye için astrolojik öngörüler
260 _aİstanbul
_bKlan Yayınları
_c2007
300 _a100 s.
_c21 sm.
504 _aKaynakça var.
650 _aAstroloji
_zTürkiye
650 _aAstroloji, Türk
_d2008
942 _2dcc
_cBKS
999 _c1954
_d1954